000 01856nam a22002897a 4500
008 250703t2025 xxk|||||o|||| 00| 0 eng d
020 _a9781783215492
041 _aeng
110 _aRoyal Institution of Chartered Surveyors
245 _aDigital risks in buildings
_h[Electronic resource]
260 _aLondon,
_bRoyal Institution of Chartered Surveyors,
_cJune 2025
490 _aRICS Practice Information
520 _aThe impacts of digital risks are not limited to the digital world. They can have a material impact on building operation, health and safety, income and building value. These risks can often be relatively simple and inexpensive to mitigate in advance, whereas they are often difficult and expensive to deal with after an incident occurs. This paper explores how the risk profile of buildings is evolving due to technology, the implications for property professionals and suggested next steps. This paper is for property professionals working on commercial properties globally. The term ‘property professionals’ can include, but is not limited to, commercial property surveyors, facilities managers, contractors, building managers and occupiers. Many of the references in this paper are based on the UK market, but the themes and principles are applicable globally
650 _aBUILDING MANAGEMENT SYSTEMS
650 _aCOMMERCIAL PROPERTY
650 _aCYBERSECURITY
650 _aOPERATIONAL TECHNOLOGY
650 _aRISK MANAGEMENT
650 _aSMART BUILDINGS
650 _aTECHNOLOGY
651 _aInternational
690 _aTechnology
_96348
700 _aHughes, Dan
710 _aRoyal Institution of Chartered Surveyors
856 _uhttps://www.rics.org/content/dam/ricsglobal/documents/standards/Digital-risks-in-buildings-1st-edition.pdf
_zAvailable free on RICS.org
942 _n0
999 _c122194
_d122194